[Event "Women's Speed Chess Q4"]
[Site "chess.com INT"]
[Date "2020.06.21"]
[Round "3"]
[White "Berend, Elvira"]
[Black "Sapale, Saloni"]
[Result "1-0"]
[WhiteTitle "WGM"]
[BlackTitle "WIM"]
[WhiteElo "2326"]
[BlackElo "2147"]
[WhiteFideId "4000510"]
[BlackFideId "5085527"]
[EventDate "2020.06.21"]

1. d4 Nf6 2. c4 g6 3. Nf3 Bg7 4. g3 c6 5. Bg2 d5 6. Qa4 O-O 7. O-O Nbd7 8. cxd5
Nb6 9. Qc2 cxd5 10. Nc3 Bf5 11. Qd1 Rc8 12. Ne5 Ne4 13. Nxe4 dxe4 14. g4 Be6 15.
Bxe4 Bd5 16. Bg2 Bxg2 17. Kxg2 Qd5+ 18. Nf3 Qe4 19. h3 Rfd8 20. Bg5 Rd5 21. Bh4
e5 22. Qd3 Qxd3 23. exd3 exd4 24. Rac1 Rdc5 25. Rxc5 Rxc5 26. Re1 h6 27. Re8+
Kh7 28. Re7 g5 29. Bg3 Kg6 30. Rxb7 Ra5 31. a3 Na4 32. h4 Nc5 33. h5+ Kf6 34. b4
Nxb7 35. bxa5 Ke6 36. Bc7 Nc5 37. Ne1 Kd7 38. Bb8 a6 39. Ba7 Nb3 40. Bb6 Kc6 41.
Kf3 Kb5 42. Nc2 Nxa5 43. Bxd4 Bf8 44. Ke4 Ka4 45. f4 Nb3 46. Be3 gxf4 47. Bxf4
Nc5+ 48. Ke3 Ne6 49. Be5 Bxa3 50. Nxa3 Kxa3 51. d4 Kb3 52. d5 Ng5 53. Bf4 Kc4
54. Bxg5 Kxd5 55. Bxh6 a5 56. Bg7 Ke6 57. h6 1-0

[Event "Women's Speed Chess Q4"]
[Site "chess.com INT"]
[Date "2020.06.21"]
[Round "3"]
[White "Pham, Bich Ngoc"]
[Black "Hoang, Thi Bao Tram"]
[Result "0-1"]
[WhiteTitle "WIM"]
[BlackTitle "WGM"]
[WhiteElo "2235"]
[BlackElo "2288"]
[WhiteFideId "12401285"]
[BlackFideId "12401102"]
[EventDate "2020.06.21"]

1. g3 d5 2. f4 g6 3. Bg2 Bg7 4. Nf3 c6 5. d3 Nh6 6. c3 O-O 7. O-O Nd7 8. e4 dxe4
9. dxe4 Nc5 10. Qe2 Qd3 11. Qxd3 Nxd3 12. Na3 Nxc1 13. Raxc1 Be6 14. b3 Rad8 15.
h3 Rd3 16. Nb1 Rfd8 17. g4 f5 18. exf5 gxf5 19. g5 Nf7 20. Rfe1 Bd5 21. Nh4 Bxg2
22. Nxg2 e5 23. Nh4 exf4 24. Nxf5 Nxg5 25. Re7 Bf6 26. Nh6+ Kf8 27. Rxb7 Rd1+
28. Rxd1 Rxd1+ 29. Kg2 Rxb1 30. Rxa7 Bxc3 31. h4 f3+ 32. Kg3 Rg1+ 33. Kh2 f2 34.
Ra8+ Ke7 35. Nf5+ Ke6 36. Ne3 Be5# 0-1

[Event "Women's Speed Chess Q4"]
[Site "chess.com INT"]
[Date "2020.06.21"]
[Round "3"]
[White "Potapova, Margarita"]
[Black "Alexanian, Nelli"]
[Result "1-0"]
[WhiteTitle "WIM"]
[BlackTitle "WIM"]
[WhiteElo "2270"]
[BlackElo "1986"]
[WhiteFideId "14126869"]
[BlackFideId "4170539"]
[EventDate "2020.06.21"]

1. d4 Nf6 2. c4 c5 3. d5 b5 4. cxb5 a6 5. bxa6 g6 6. Nc3 Bxa6 7. e4 Bxf1 8. Kxf1
d6 9. Nf3 Bg7 10. g3 O-O 11. Kg2 Na6 12. a4 Nb4 13. Qe2 Ra5 14. Nd2 Nc2 15. Ra2
Nd4 16. Qd3 Nd7 17. Nc4 Ne5 18. Nxe5 Bxe5 19. Bd2 Qa8 20. h4 h5 21. Bg5 Qa7 22.
Qd1 Qd7 23. Rf1 f5 24. f4 Bg7 25. Qe1 Rb8 26. e5 dxe5 27. fxe5 Rb3 28. Rf2 c4
29. e6 Qb7 30. Kh2 Qc7 31. Bf4 Qb7 32. Be5 Bxe5 33. Qxe5 Rxd5 34. Qxd5 Qxd5 35.
Nxd5 Nf3+ 36. Kg2 Ne1+ 37. Kf1 Nd3 38. a5 1-0

[Event "Women's Speed Chess Q4"]
[Site "chess.com INT"]
[Date "2020.06.21"]
[Round "3"]
[White "Sihite, Chelsie Monica Ignesias"]
[Black "Yakimova, Mariya"]
[Result "1-0"]
[WhiteTitle "WIM"]
[BlackTitle "WFM"]
[WhiteElo "2252"]
[BlackElo "2269"]
[WhiteFideId "7101198"]
[BlackFideId "34188859"]
[EventDate "2020.06.21"]

1. c4 e5 2. Nf3 d6 3. g3 f5 4. Bg2 Nf6 5. O-O g6 6. Nc3 Bg7 7. d4 e4 8. Ne1 O-O
9. Nc2 c6 10. b4 Be6 11. c5 d5 12. a4 h6 13. f4 exf3 14. exf3 Nbd7 15. Re1 Bf7
16. Rb1 Nh5 17. g4 fxg4 18. fxg4 Nhf6 19. g5 hxg5 20. Bxg5 Qc7 21. Qf3 Rae8 22.
Bf4 Qc8 23. Bd6 Rxe1+ 24. Rxe1 Re8 25. Rf1 Nf8 26. Be5 N8h7 27. Ne3 Ng5 28. Qg3
Nfh7 29. Ng4 Be6 30. Bxg7 Bxg4 31. Be5 Bh3 32. Ne2 Bxg2 33. Kxg2 Qe6 34. Nf4 Qf5
35. h4 Nf7 36. Nxg6 Qc2+ 37. Rf2 Qe4+ 38. Kh2 Nxe5 39. Nxe5+ Kh8 40. Nf7# 1-0

[Event "Women's Speed Chess Q4"]
[Site "chess.com INT"]
[Date "2020.06.21"]
[Round "3"]
[White "Goltseva, Ekaterina"]
[Black "Cori T., Deysi"]
[Result "1-0"]
[WhiteTitle "FM"]
[BlackTitle "WGM"]
[WhiteElo "2306"]
[BlackElo "2388"]
[WhiteFideId "24173770"]
[BlackFideId "3801934"]
[EventDate "2020.06.21"]

1. d4 Nf6 2. c4 e6 3. g3 Bb4+ 4. Bd2 Qe7 5. Bg2 O-O 6. Nf3 Nc6 7. O-O Bxd2 8.
Nbxd2 d6 9. e4 e5 10. d5 Nb8 11. b4 a5 12. a3 b6 13. Qc2 Nh5 14. Rfc1 f5 15. c5
axb4 16. cxd6 cxd6 17. axb4 Rxa1 18. Rxa1 fxe4 19. Nxe4 Nf6 20. Nxf6+ Qxf6 21.
Ra8 Bg4 22. Qc7 Nd7 23. Rxf8+ Kxf8 24. h3 Bxf3 25. Bxf3 Qxf3 26. Qd8+ Kf7 27.
Qxd7+ Kg6 28. Qxd6+ Qf6 29. Qc6 e4 30. d6 Kf5 31. Qd5+ Kg6 32. d7 Qa1+ 33. Kg2
Qf6 34. d8=Q Qf3+ 35. Kg1 1-0

[Event "Women's Speed Chess Q4"]
[Site "chess.com INT"]
[Date "2020.06.21"]
[Round "3"]
[White "Babiy, Olga"]
[Black "Karnaukhova, Elmira"]
[Result "1-0"]
[WhiteTitle "WGM"]
[BlackTitle "WGM"]
[WhiteElo "2228"]
[BlackElo "2319"]
[WhiteFideId "14117258"]
[BlackFideId "4148827"]
[EventDate "2020.06.21"]

1. e4 c5 2. Nf3 d6 3. d4 cxd4 4. Nxd4 Nf6 5. Nc3 a6 6. f4 e5 7. Nf3 Nbd7 8. Bd3
Be7 9. O-O O-O 10. a3 Nc5 11. Kh1 exf4 12. Bxf4 Bg4 13. Qd2 Bh5 14. Rae1 Bg6 15.
Nd4 Re8 16. Nf5 Bxf5 17. exf5 d5 18. Rd1 Rc8 19. Bg5 Nfe4 20. Nxe4 dxe4 21. Bxe7
Qxe7 22. f6 Qe6 23. Qg5 Qxf6 24. Rxf6 exd3 25. cxd3 Nxd3 26. Rdf1 Rc7 27. R6f3
Ne5 28. R3f2 h6 29. Qg3 Rc5 30. h3 Re6 31. Re2 Rg6 32. Qb3 Rb5 33. Qc2 Nc6 34.
Re8+ Kh7 35. Rxf7 Nd4 36. Rff8 1-0

[Event "Women's Speed Chess Q4"]
[Site "chess.com INT"]
[Date "2020.06.21"]
[Round "3"]
[White "Protopopova, Anastasiya"]
[Black "Daulyte-Cornette, Deimante"]
[Result "1-0"]
[WhiteTitle "WFM"]
[BlackTitle "IM"]
[WhiteElo "2192"]
[BlackElo "2400"]
[WhiteFideId "24172073"]
[BlackFideId "12802859"]
[EventDate "2020.06.21"]

1. d4 Nf6 2. c4 b6 3. Nc3 Bb7 4. Qc2 d5 5. cxd5 Nxd5 6. e4 Nxc3 7. bxc3 e5 8.
Nf3 exd4 9. cxd4 Bb4+ 10. Bd2 Bxd2+ 11. Qxd2 Bxe4 12. Qe3 Qe7 13. Bb5+ c6 14.
Be2 O-O 15. O-O Re8 16. Rfe1 Bd5 17. Qf4 Nd7 18. Bd3 Qf6 19. Qg4 Bxf3 20. Qxd7
Red8 21. Qh3 g6 22. Qxf3 Qxf3 23. gxf3 Rxd4 24. Be4 Rc8 25. Red1 Rxd1+ 26. Rxd1
Rc7 27. Rd8+ Kg7 28. Kf1 c5 29. Ke2 Kf6 30. f4 Ke7 31. Rh8 h5 32. f5 Kf6 33.
fxg6 fxg6 34. Ke3 c4 35. Rg8 g5 36. Rg6+ Kf7 37. Rxg5 c3 38. Rxh5 c2 39. Rh7+ 1-0

[Event "Women's Speed Chess Q4"]
[Site "chess.com INT"]
[Date "2020.06.21"]
[Round "3"]
[White "Hryzlova, Sofiia"]
[Black "Sharmin, Samiha Shimmi"]
[Result "0-1"]
[BlackTitle "WCM"]
[WhiteElo "1940"]
[BlackElo "1812"]
[WhiteFideId "14174669"]
[BlackFideId "10203087"]
[EventDate "2020.06.21"]

1. c4 e6 2. g3 d5 3. b3 c5 4. Nf3 Nc6 5. Bg2 Nf6 6. O-O d4 7. e3 d3 8. Bb2 Be7
9. Na3 a6 10. Qb1 O-O 11. Rd1 Qd6 12. Bf1 Rd8 13. Rc1 e5 14. Ne1 Bf5 15. f3 e4
16. fxe4 Bxe4 17. Rc3 Nb4 18. Qd1 g6 19. Nb1 Nh5 20. a3 Nc2 21. Nxc2 dxc2 22.
Rxc2 Nxg3 23. d3 Nxf1 24. Qxf1 Qxd3 25. Re2 Qd1 26. Re1 Qg4+ 27. Kf2 Bh4# 0-1

[Event "Women's Speed Chess Q4"]
[Site "chess.com INT"]
[Date "2020.06.21"]
[Round "3"]
[White "Mamedjarova, Zeinab"]
[Black "Javakhishvili, Lela"]
[Result "1-0"]
[WhiteTitle "WGM"]
[BlackTitle "IM"]
[WhiteElo "2274"]
[BlackElo "2475"]
[WhiteFideId "13401521"]
[BlackFideId "13601458"]
[EventDate "2020.06.21"]

1. d4 d6 2. c4 e5 3. Nc3 exd4 4. Qxd4 Nc6 5. Qd2 Nf6 6. g3 Ne5 7. b3 c6 8. Bg2
d5 9. cxd5 Bb4 10. dxc6 Qa5 11. Bb2 O-O 12. a3 Bc5 13. cxb7 Bxb7 14. Bxb7 Rad8
15. Qc2 Bxf2+ 16. Kxf2 Qb6+ 17. Kg2 Neg4 18. Bc1 Qxb7+ 19. Nf3 Rc8 20. h3 Ne5
21. Bd2 Rfe8 22. Rhe1 Qc6 23. Rac1 Nd5 24. Qf5 g6 25. Nxd5 Qxd5 26. Rxc8 gxf5
27. Rxe8+ Kg7 28. Rxe5 Qxb3 29. Rxf5 Qxa3 30. Bf4 Qa4 31. Be5+ Kf8 32. Bf6 Ke8
33. Rd5 1-0

[Event "Women's Speed Chess Q4"]
[Site "chess.com INT"]
[Date "2020.06.21"]
[Round "3"]
[White "Vantika, Agrawal"]
[Black "Shuvalova, Polina"]
[Result "1-0"]
[WhiteTitle "WIM"]
[BlackTitle "WGM"]
[WhiteElo "2286"]
[BlackElo "2454"]
[WhiteFideId "25050389"]
[BlackFideId "24171760"]
[EventDate "2020.06.21"]

1. d4 Nf6 2. c4 e6 3. g3 d5 4. Bg2 Bb4+ 5. Nd2 O-O 6. Nf3 dxc4 7. Qc2 a5 8. a3
Be7 9. Nxc4 b6 10. Nfe5 Ra7 11. O-O Bb7 12. Bxb7 Rxb7 13. Rd1 Qc8 14. e4 Rd8 15.
Be3 h6 16. Rac1 c6 17. f3 c5 18. dxc5 Rxd1+ 19. Qxd1 Bxc5 20. Bxc5 Qxc5+ 21. Kg2
Re7 22. Qd6 Qxd6 23. Nxd6 Na6 24. Rc8+ Kh7 25. Nexf7 Nd7 26. h4 Kg6 27. Nh8+ Kh7
28. h5 Nac5 29. Ng6 1-0

[Event "Women's Speed Chess Q4"]
[Site "chess.com INT"]
[Date "2020.06.21"]
[Round "3"]
[White "Turova, Irina"]
[Black "Nikulina, Alena"]
[Result "1/2-1/2"]
[WhiteTitle "IM"]
[BlackTitle "WFM"]
[WhiteElo "2381"]
[BlackElo "1887"]
[WhiteFideId "4120876"]
[BlackFideId "4172051"]
[EventDate "2020.06.21"]

1. d4 Nf6 2. c4 e6 3. Nc3 b6 4. e4 Bb7 5. e5 Ne4 6. Nxe4 Bxe4 7. Nf3 Bb4+ 8. Bd2
Bxd2+ 9. Nxd2 Bb7 10. Qg4 O-O 11. Bd3 f5 12. exf6 Qxf6 13. O-O Nc6 14. Nf3 Nb4
15. Be4 d5 16. cxd5 exd5 17. Bb1 Bc8 18. Qh5 Bf5 19. a3 Bxb1 20. Raxb1 Nd3 21.
Qxd5+ Kh8 22. Ne5 Rad8 23. Qe4 Nf4 24. Rbc1 Rxd4 25. Qe3 c5 26. g3 Nd5 27. Qe2
Ne7 28. Rcd1 Rfd8 29. Rxd4 cxd4 30. Rd1 Ng6 31. Nd3 Qe7 32. Qh5 Re8 33. Rc1 Qe4
34. Qd1 Ne5 35. Nxe5 Qxe5 36. Qd2 h6 37. Rd1 Rd8 38. Qd3 Qc5 39. h4 Qd5 40. Rd2
Qe5 41. Rd1 Qd5 42. Qg6 Qc5 43. Qd3 Qd5 1/2-1/2

[Event "Women's Speed Chess Q4"]
[Site "chess.com INT"]
[Date "2020.06.21"]
[Round "3"]
[White "Kanyamarala, Trisha"]
[Black "Mrudul, Dehankar"]
[Result "0-1"]
[WhiteTitle "WIM"]
[BlackTitle "WIM"]
[WhiteElo "2193"]
[BlackElo "2256"]
[WhiteFideId "45004722"]
[BlackFideId "25096990"]
[EventDate "2020.06.21"]

1. d4 Nf6 2. c4 e6 3. Nc3 Bb4 4. e3 b6 5. Bd2 Bb7 6. Nf3 Bxc3 7. Bxc3 Ne4 8. Bb4
a5 9. Ba3 d6 10. Bd3 Nd7 11. O-O f5 12. b4 axb4 13. Bxb4 O-O 14. a4 Rf6 15. a5
bxa5 16. Bxa5 Rh6 17. Qe2 Qe8 18. Rfb1 Bc6 19. d5 exd5 20. Nd4 Ne5 21. Nxc6 Nxc6
22. cxd5 Nxa5 23. Qe1 Nc5 24. Bb5 Qh5 25. h3 Rg6 26. Rxa5 Rf8 27. Kh1 Ne4 0-1

[Event "Women's Speed Chess Q4"]
[Site "chess.com INT"]
[Date "2020.06.21"]
[Round "3"]
[White "Zvereva, Margarita"]
[Black "Koridze, Lile"]
[Result "0-1"]
[WhiteTitle "WFM"]
[BlackTitle "WFM"]
[WhiteElo "1929"]
[BlackElo "1996"]
[WhiteFideId "34177741"]
[BlackFideId "13612514"]
[EventDate "2020.06.21"]

1. d4 Nf6 2. Nf3 e6 3. e3 Be7 4. Bd3 O-O 5. O-O d5 6. b3 c5 7. Bb2 Nc6 8. a3 b6
9. Qe2 Bb7 10. Nbd2 Rc8 11. c4 cxd4 12. exd4 dxc4 13. Nxc4 Qd5 14. Nce5 Rfd8 15.
Nxc6 Bxc6 16. Bc4 Qh5 17. Ne5 Qxe2 18. Bxe2 Bd5 19. Bc4 b5 20. Bxd5 Rxd5 21.
Rac1 Rxc1 22. Rxc1 h6 23. Rc8+ Kh7 24. Nxf7 Nd7 25. g3 Bf6 26. Rc7 a6 27. Rc6
Kg6 28. Ne5+ Nxe5 29. dxe5 Bxe5 30. Rxe6+ Kf5 31. Rxe5+ Rxe5 32. Bxe5 Kxe5 33.
Kf1 Kd4 34. Ke2 Kc3 35. b4 Kb3 36. Kd3 Kxa3 37. Kc3 Ka4 38. f4 a5 39. bxa5 b4+
40. Kb2 Kxa5 41. Kb3 Kb5 42. h3 Kc5 43. g4 Kd4 44. Kxb4 Ke4 45. f5 Kf3 46. Kc4
Kg3 47. Kd4 Kxh3 48. g5 hxg5 49. Ke4 g4 50. Ke5 g3 51. Ke6 g2 52. Kf7 g1=Q 0-1

[Event "Women's Speed Chess Q4"]
[Site "chess.com INT"]
[Date "2020.06.21"]
[Round "3"]
[White "Gvanceladze, Anna"]
[Black "Divya, Deshmukh"]
[Result "0-1"]
[WhiteTitle "WFM"]
[BlackTitle "WIM"]
[WhiteElo "2254"]
[BlackElo "2305"]
[WhiteFideId "4113721"]
[BlackFideId "35006916"]
[EventDate "2020.06.21"]

1. Nf3 d5 2. g3 Nd7 3. d4 b5 4. a4 b4 5. Bg2 Ngf6 6. Ne5 Bb7 7. a5 a6 8. c4 e6
9. Qa4 c5 10. Be3 cxd4 11. Bxd4 Bd6 12. c5 Bxe5 13. Bxe5 Rc8 14. Bd6 Ne4 15.
Bxe4 dxe4 16. Qxb4 Bc6 17. O-O h5 18. Nc3 f5 19. Rad1 h4 20. Qd4 Kf7 21. b4 hxg3
22. fxg3 Kg6 23. Qe3 Rh5 24. Rf2 Qf6 25. Rdf1 Rch8 26. Nb1 Ne5 27. Bxe5 Qxe5 28.
Nd2 Qd5 0-1

[Event "Women's Speed Chess Q4"]
[Site "chess.com INT"]
[Date "2020.06.21"]
[Round "3"]
[White "Gaponenko, Inna"]
[Black "Goryachkina, Aleksandra"]
[Result "1/2-1/2"]
[WhiteTitle "IM"]
[BlackTitle "GM"]
[WhiteElo "2396"]
[BlackElo "2582"]
[WhiteFideId "14101181"]
[BlackFideId "4147103"]
[EventDate "2020.06.21"]

1. e4 e6 2. d4 d5 3. exd5 exd5 4. Nf3 Nc6 5. Bb5 Bd6 6. c4 dxc4 7. d5 a6 8. Ba4
b5 9. dxc6 bxa4 10. O-O Ne7 11. Qxa4 O-O 12. Nbd2 c3 13. bxc3 Be6 14. Nc4 Bd5
15. Nd4 Bc5 16. Rd1 Nxc6 17. Nxc6 Bxc6 18. Rxd8 Bxa4 19. Rxa8 Rxa8 20. Bf4 Rc8
21. Rb1 Bb5 22. Ne3 Kf8 23. h4 h6 24. g4 Bc6 25. Kh2 Bb5 26. Kg3 Bd6 27. Bxd6+
cxd6 28. Rc1 g6 29. c4 Bc6 30. Rb1 Ke7 31. Rb6 a5 32. Ra6 a4 33. Nd5+ Bxd5 34.
cxd5 Rc3+ 35. f3 a3 36. g5 h5 37. Ra7+ Ke8 38. Ra6 Ke7 39. Ra7+ Ke8 40. Ra6 Ke7 1/2-1/2

[Event "Women's Speed Chess Q4"]
[Site "chess.com INT"]
[Date "2020.06.21"]
[Round "3"]
[White "Doluhanova, Evgeniya"]
[Black "Solozhenkina, Elizaveta"]
[Result "0-1"]
[WhiteTitle "WGM"]
[BlackTitle "WIM"]
[WhiteElo "2229"]
[BlackElo "2301"]
[WhiteFideId "14112035"]
[BlackFideId "34106615"]
[EventDate "2020.06.21"]

1. e4 c5 2. Nf3 d6 3. b3 Nf6 4. Bd3 Nbd7 5. Bb2 g6 6. e5 dxe5 7. Nxe5 Bg7 8. Qe2
O-O 9. Nxd7 Bxd7 10. Nc3 Bc6 11. f3 Re8 12. O-O a6 13. Rad1 Nh5 14. Be4 Bd4+ 15.
Kh1 Nf4 16. Qe1 Bxe4 17. fxe4 e5 18. Na4 b5 19. Bxd4 cxd4 20. Nb2 Rc8 21. c3 Qd7
22. Qf2 dxc3 23. dxc3 Qb7 24. Qf3 Red8 25. Rxd8+ Rxd8 26. Rd1 Rxd1+ 27. Nxd1 Qd7
28. g3 Ne6 29. Ne3 Qd3 30. Kg2 Ng5 31. Qf2 Nxe4 32. Qf3 Nxc3 33. Qa8+ Kg7 34.
Ng4 Qe2+ 35. Kh3 h5 0-1

[Event "Women's Speed Chess Q4"]
[Site "chess.com INT"]
[Date "2020.06.21"]
[Round "3"]
[White "Bartel, Marta"]
[Black "Kiseleva, Arina"]
[Result "1-0"]
[WhiteTitle "WGM"]
[BlackTitle "WCM"]
[WhiteElo "2192"]
[BlackElo "2024"]
[WhiteFideId "1123009"]
[BlackFideId "4164989"]
[EventDate "2020.06.21"]

1. d4 e6 2. Nf3 Nf6 3. Bg5 d5 4. e3 h6 5. Bh4 c5 6. c3 Nc6 7. Bd3 Bd6 8. O-O Qc7
9. Nbd2 g5 10. Bg3 e5 11. dxe5 Nxe5 12. Nxe5 Bxe5 13. Bxe5 Qxe5 14. Nf3 Qc7 15.
c4 Be6 16. cxd5 Bxd5 17. Bb5+ Bc6 18. Qa4 Bxb5 19. Qxb5+ Nd7 20. Rfd1 O-O-O 21.
Rac1 b6 22. b4 g4 23. Nh4 Ne5 24. bxc5 Rxd1+ 25. Rxd1 bxc5 26. Nf5 Rd8 27. Rb1
Qb6 28. Qf1 Qe6 29. e4 c4 30. Ne3 Nd3 31. Nd5 Qxe4 32. Nc3 Qd4 33. Ne2 Qd5 34.
Ng3 c3 35. Rb3 1-0

[Event "Women's Speed Chess Q4"]
[Site "chess.com INT"]
[Date "2020.06.21"]
[Round "3"]
[White "Assaubayeva, Bibisara"]
[Black "Sedina, Elena"]
[Result "1-0"]
[WhiteTitle "FM"]
[BlackTitle "IM"]
[WhiteElo "2364"]
[BlackElo "2299"]
[WhiteFideId "13708694"]
[BlackFideId "812153"]
[EventDate "2020.06.21"]

1. d4 d5 2. Nf3 Nf6 3. c4 c6 4. e3 Bf5 5. Nc3 e6 6. Nh4 Bg6 7. Be2 Nbd7 8. g3
Bd6 9. O-O O-O 10. Nxg6 hxg6 11. Qb3 Rb8 12. Bd2 Qe7 13. Rad1 dxc4 14. Bxc4 b5
15. Be2 c5 16. dxc5 Nxc5 17. Qc2 Rfc8 18. Nxb5 Nce4 19. Qa4 Nxd2 20. Rxd2 Bc5
21. Rfd1 Qb7 22. Nc3 Qb6 23. Ne4 Nxe4 24. Qxe4 Qb4 25. Qe5 Be7 26. a3 Qb3 27.
Ba6 Bf6 28. Qf4 Rf8 29. Be2 Bxb2 30. a4 Bf6 31. Rd7 Qc2 32. Bf3 a5 33. Ra7 Rb4
34. Qd6 1-0

[Event "Women's Speed Chess Q4"]
[Site "chess.com INT"]
[Date "2020.06.21"]
[Round "3"]
[White "Shafigullina, Zarina"]
[Black "Kairbekova, Amina"]
[Result "0-1"]
[WhiteTitle "WFM"]
[BlackTitle "WFM"]
[WhiteElo "2296"]
[BlackElo "2065"]
[WhiteFideId "24174220"]
[BlackFideId "13712799"]
[EventDate "2020.06.21"]

1. d4 Nf6 2. Nf3 d5 3. g3 c5 4. Bg2 cxd4 5. O-O h6 6. Nxd4 e5 7. Nb3 Nc6 8. Nc3
Be6 9. Kh1 Be7 10. e4 d4 11. Ne2 O-O 12. f4 Ng4 13. f5 Bxb3 14. axb3 Bg5 15. Bf3
Bxc1 16. Bxg4 Bxb2 17. Rb1 Ba3 18. f6 g6 19. Qd2 Kh7 20. b4 a5 21. bxa5 Qxa5 22.
Qxa5 Nxa5 23. Rb5 b6 24. Rxe5 Nc4 25. Rb5 Ne3 26. Rf4 Bd6 27. e5 Ra1+ 28. Ng1
Bc5 29. h3 Nxc2 30. Kh2 d3 31. Nf3 h5 32. Bd7 Ne3 33. Ng5+ Kh6 34. Ne4 Rfa8 35.
Rf2 Nf1+ 36. Rxf1 Rxf1 37. Nxc5 Ra2+ 0-1

[Event "Women's Speed Chess Q4"]
[Site "chess.com INT"]
[Date "2020.06.21"]
[Round "3"]
[White "Arakhamia-Grant, Ketevan"]
[Black "Kashlinskaya, Alina"]
[Result "1/2-1/2"]
[WhiteTitle "GM"]
[BlackTitle "IM"]
[WhiteElo "2380"]
[BlackElo "2494"]
[WhiteFideId "13600168"]
[BlackFideId "4198026"]
[EventDate "2020.06.21"]

1. e4 e5 2. Nf3 Nf6 3. Nxe5 d6 4. Nf3 Nxe4 5. Nc3 Nxc3 6. dxc3 Be7 7. Be3 O-O 8.
Qd2 Nd7 9. O-O-O Nf6 10. Bd3 c5 11. Kb1 d5 12. c4 d4 13. Bg5 Be6 14. Ne5 h6 15.
h4 Re8 16. Rde1 hxg5 17. hxg5 Nd7 18. Bh7+ Kf8 19. Bd3 Bd6 20. Nxd7+ Qxd7 21. g6
f6 22. f4 Bg8 23. Be4 Qg4 24. Rh8 Qxf4 25. Bd5 Re6 26. Rxg8+ Kxg8 27. Qxf4 Bxf4
28. Rxe6 Kf8 29. Bxb7 Re8 30. Rxe8+ Kxe8 31. b3 Ke7 32. Be4 Kd6 33. Bf5 Ke5 34.
g4 Bd2 35. Kb2 a5 36. a3 Bc3+ 37. Kc1 Kf4 38. Kd1 Ke3 39. a4 Bb4 40. Be6 Bc3 41.
Bf5 Bb4 42. Be6 Bc3 43. Bd7 Bb4 44. Be6 1/2-1/2

[Event "Women's Speed Chess Q4"]
[Site "chess.com INT"]
[Date "2020.06.21"]
[Round "3"]
[White "Azhar, Puteri Munajjah Az-Zahraa"]
[Black "Martsynovskaya, Marina"]
[Result "0-1"]
[WhiteTitle "WIM"]
[BlackTitle "WIM"]
[WhiteElo "2046"]
[BlackElo "2046"]
[WhiteFideId "5709040"]
[BlackFideId "609218"]
[EventDate "2020.06.21"]

1. e4 e5 2. Nf3 Nc6 3. Bb5 a6 4. Ba4 d6 5. h3 Bd7 6. O-O g6 7. c3 Bg7 8. d4 Nf6
9. Re1 O-O 10. Bc2 Qe7 11. Bg5 h6 12. Bh4 g5 13. Bg3 Rae8 14. d5 Nb8 15. Nbd2
Kh8 16. b4 Nh7 17. Nc4 f5 18. exf5 Bxf5 19. Bxf5 Rxf5 20. Nd4 Rf7 21. Ne6 Bf6
22. Qh5 c6 23. Nxd6 Qxd6 24. Qxf7 Re7 25. Qh5 cxd5 26. Nc5 Qc6 27. Rac1 Bg7 28.
Qf3 b6 29. Nb3 Nd7 30. c4 e4 31. Qe2 d4 32. b5 axb5 33. cxb5 Qd5 34. Qc4 Qf5 35.
Qc8+ Nhf8 36. Nd2 d3 37. Qc4 Ne5 38. Qd4 Nf3+ 39. gxf3 Bxd4 40. fxe4 Qxh3 41.
Rc6 Qxg3+ 42. Kh1 Bxf2 43. Rxh6+ Kg7 0-1

[Event "Women's Speed Chess Q4"]
[Site "chess.com INT"]
[Date "2020.06.21"]
[Round "3"]
[White "Thipsay, Bagyashree Sathe"]
[Black "Nandhidhaa, P V"]
[Result "1-0"]
[WhiteTitle "WIM"]
[BlackTitle "WGM"]
[WhiteElo "2072"]
[BlackElo "2365"]
[WhiteFideId "5001013"]
[BlackFideId "5050847"]
[EventDate "2020.06.21"]

1. e4 c5 2. Nf3 e6 3. d4 cxd4 4. Nxd4 Nc6 5. Nc3 Qc7 6. f4 Nxd4 7. Qxd4 b6 8.
Nb5 Qc6 9. c4 Bb7 10. Be2 Nf6 11. Bf3 Bc5 12. Qd3 Nxe4 13. Bxe4 Qxe4+ 14. Qxe4
Bxe4 15. Nc7+ Ke7 16. Nxa8 Rxa8 17. Ke2 Bxg2 18. Rd1 Bh3 19. Re1 Bg4+ 20. Kd3 d5
21. cxd5 Rd8 22. Be3 Rxd5+ 23. Kc3 Bd6 24. Rg1 h5 25. Rae1 g6 26. Rgf1 a5 27. a3
b5 28. b4 axb4+ 29. axb4 Bh3 30. Rf2 Bf5 31. Rd2 Rxd2 32. Bxd2 f6 33. Ra1 e5 34.
Ra7+ Bd7 35. fxe5 Bxe5+ 36. Kd3 Bxh2 37. Be3 Bd6 38. Bc5 Ke6 39. Ra6 1-0

[Event "Women's Speed Chess Q4"]
[Site "chess.com INT"]
[Date "2020.06.21"]
[Round "3"]
[White "Sliwicka, Alicja"]
[Black "Martynyuk, Elizaveta"]
[Result "0-1"]
[WhiteTitle "WIM"]
[BlackTitle "FM"]
[WhiteElo "2317"]
[BlackElo "2041"]
[WhiteFideId "1150677"]
[BlackFideId "24128511"]
[EventDate "2020.06.21"]

1. e4 c5 2. Nf3 Nc6 3. d4 cxd4 4. Nxd4 g6 5. c4 Nf6 6. Nc3 Nxd4 7. Qxd4 d6 8.
Be3 Bg7 9. f3 O-O 10. Qd2 a5 11. b3 Be6 12. Rc1 Nd7 13. Be2 f5 14. O-O f4 15.
Bxf4 Nc5 16. Bg3 Qb6 17. Kh1 a4 18. bxa4 Nxa4 19. Nxa4 Rxa4 20. Rb1 Qd4 21. Qxd4
Bxd4 22. Rxb7 Rxa2 23. Rxe7 Bf7 24. Bd3 Rd2 25. Bb1 Bxc4 26. Re1 Rb8 27. Bxd6
Rbb2 28. Ba3 Rb3 29. Rc7 Bb5 30. Bc1 Rf2 31. Bh6 Bf1 32. h4 Bxg2+ 33. Kh2 Bxf3+
34. Kg3 Rg2+ 35. Kh3 Bxe4+ 36. Be3 Bd5 37. Rc8+ Kg7 38. Bc2 Rxc2 39. Rxc2 Bxe3
40. Kh2 Kh6 41. Rce2 Bf4+ 42. Kg1 Rh3 43. Re7 Bg3 0-1

[Event "Women's Speed Chess Q4"]
[Site "chess.com INT"]
[Date "2020.06.21"]
[Round "3"]
[White "Tarleva, Vira"]
[Black "Zhuravleva, Olga"]
[Result "0-1"]
[WhiteTitle "WFM"]
[BlackTitle "WIM"]
[WhiteElo "2030"]
[BlackElo "2278"]
[WhiteFideId "14116693"]
[BlackFideId "4145933"]
[EventDate "2020.06.21"]

1. e4 e5 2. Nf3 Nc6 3. d4 exd4 4. Bc4 Nf6 5. e5 d5 6. Bb5 Ne4 7. Nxd4 Bd7 8.
Bxc6 bxc6 9. O-O Bc5 10. Be3 Qe7 11. f3 Nd6 12. f4 Nf5 13. Nxf5 Bxf5 14. Qd2
Bxc2 15. Rc1 Bxe3+ 16. Qxe3 Bf5 17. Rxc6 O-O 18. Nd2 d4 19. Qf3 Rfd8 20. Rac1
Rac8 21. g4 Be6 22. R6c5 Qd7 23. f5 Bd5 24. Qf4 c6 25. Qxd4 Qe7 26. Qf4 h6 27.
f6 Qe6 28. g5 Qh3 29. Rxd5 Rxd5 30. Ne4 h5 31. fxg7 Kxg7 32. Qf6+ Kg8 33. Rf1
Qg4+ 34. Ng3 Qe6 35. Qf3 Rxe5 36. Qxh5 Qg6 37. Qf3 Rxg5 38. Kg2 Re8 39. Rf2 Rge5
40. h3 Rd5 0-1